000 01813nam2a2200277 4500
001 RU\NLR\BIBL_A\010978048
005 20250624204659.0
010 _a978-5-87847-616-4
_9500
021 _aRU
_b2016-3746
_9229
035 _a(NLR Aleph) 010978048
090 _a10855738
_c10855738
100 _a20160209d2015 |||y0rusy50 ca
101 0 _arus
102 _aRU
105 _ah|||j|||000yy
200 1 _aРазвитие профессионального мастерства
210 _d2015
_aБ. м.
215 _a79 c.
_cфакс.
320 _aБиблиогр.: с. 75-77 (21 назв.)
461 0 _1001RU\NLR\BIBL_A\011097963
_12001#$aАбилитационная педагогика в вопросах и ответах$eметодическое пособие$eв 5 ч.$fМ-во образования, науки и инновац. политики Новосиб. обл., Гос. бюджет. учреждение Новосиб. обл. "Обл. метод. центр абилитац. педагогики"$g[В. А. Баранов и др.]$vЧ. 1
_911403484
_cНовосибирск
_d2015
_fМ-во образования, науки и инновац. политики Новосиб. обл., Гос. бюджет. учреждение Новосиб. обл. "Обл. метод. центр абилитац. педагогики"
_nИзд-во НИПКиПРО
_oметодическое пособие : в 5 ч.
_tАбилитационная педагогика в вопросах и ответах
_vЧ. 1
606 1 _aУчителя-дефектологи
_jМетодические пособия
_xПодготовка
_9987606
_3RU\NLR\AUTH\66372610
686 0 _aЧ489.518.7я8
942 _cBOOK
980 _aNB